La traduzione /
Sábháilte in:
| Príomhchruthaitheoir: | |
|---|---|
| Formáid: | LEABHAR |
| Teanga: | Iodáilis |
| Foilsithe / Cruthaithe: |
Milano :
Feltrinelli,
1965
|
| Sraith: | Universale economica ;
512 |
| Clibeanna: |
Níl clibeanna ann, Bí ar an gcéad duine le clib a chur leis an taifead seo!
|
MARC
| LEADER | 00000nam a22000007i 4500 | ||
|---|---|---|---|
| 001 | IT\ICCU\SBL\0428273 | ||
| 003 | ItRI | ||
| 005 | 20250905232311.0 | ||
| 008 | 910930s1965 it |||||| ||||| |||||c | ||
| 015 | |2 IT |a 658752 | ||
| 040 | |b ita |c ct | ||
| 041 | 7 | |a ita |2 ISO-639-2 | |
| 082 | |a 853.91 |2 16 | ||
| 100 | 1 | |a Ceccherini, Silvano |0 IT\ICCU\RAVV\029764 |4 aut | |
| 240 | 1 | 3 | |a La traduzione |9 Ceccherini, Silvano |
| 245 | 1 | 3 | |a La traduzione / |c Silvano Ceccherini. |
| 260 | |a Milano : |b Feltrinelli, |c 1965 | ||
| 300 | |a 217 p. ; |c 18 cm. | ||
| 830 | 0 | |a Universale economica ; |v 512 |0 IT\ICCU\CFI\0001103 | |
| 942 | |2 ddc |c BK | ||
| 952 | |0 0 |1 0 |2 ddc |4 0 |6 B_LNR02CECSITRAD11 |7 0 |9 5889 |a MI |b MI |d 1987-03-08 |i 465 |l 0 |o B-LNR02-CECSI-TRAD11 |p CDOM465 |r 2025-07-13 16:28:00 |w 2025-07-13 |x OLIVARI |y BK | ||
| 981 | 1 | |6 z01 |a i |b xxxe | |
| 982 | 1 | |6 z01 |a n | |
| 999 | |c 4703 |d 4703 | ||